Circostanze del reato e commisurazione della pena
| Autor principal: | |
|---|---|
| Tipo de documento: | Print Libro |
| Lenguaje: | Italiano |
| Publicado: |
Milano
Giuffrè
1983
|
| En: |
Pubblicazioni degli Istituti di Scienze Giuridiche, Economiche, Politiche e Sociali della Facoltà di Giurisprudenza della Università di Messina (131)
Año: 1983 |
| Disponibilidad en Tübingen: | Disponible en Tübingen. UB: KB 18 A 291 |
| Verificar disponibilidad: | HBZ Gateway |
| Servicio de pedido Subito: | Pedir ahora. |
MARC
| LEADER | 00000cam a22000002c 4500 | ||
|---|---|---|---|
| 001 | 1090920725 | ||
| 003 | DE-627 | ||
| 005 | 20251224220343.0 | ||
| 007 | tu | ||
| 008 | 900706s1983 xx ||||| 00| ||ita c | ||
| 035 | |a (DE-627)1090920725 | ||
| 035 | |a (DE-576)020920725 | ||
| 035 | |a (DE-599)BSZ020920725 | ||
| 035 | |a (OCoLC)12584184 | ||
| 035 | |a (OCoLC)12584184 | ||
| 040 | |a DE-627 |b ger |c DE-627 |e rakwb | ||
| 041 | |a ita | ||
| 082 | 0 | |a 344.5054 | |
| 082 | 0 | |a 345.45/04 | |
| 100 | 1 | |a De Vero, Giancarlo |0 (DE-588)140275959 |0 (DE-627)703623389 |0 (DE-576)166686042 |4 aut | |
| 109 | |a De Vero, Giancarlo |a Vero, Giancarlo de |a DeVero, Giancarlo | ||
| 245 | 1 | 0 | |a Circostanze del reato e commisurazione della pena |c Giancarlo De Vero |
| 264 | 1 | |a Milano |b Giuffrè |c 1983 | |
| 300 | |a 263 S. | ||
| 336 | |a Text |b txt |2 rdacontent | ||
| 337 | |a ohne Hilfsmittel zu benutzen |b n |2 rdamedia | ||
| 338 | |a Band |b nc |2 rdacarrier | ||
| 490 | 1 | |a Pubblicazioni degli Istituti di Scienze Giuridiche, Economiche, Politiche e Sociali della Facoltà di Giurisprudenza della Università di Messina |v 131 | |
| 583 | 1 | |a Archivierung prüfen |c 20200919 |f DE-640 |z 2 |2 pdager | |
| 810 | 2 | |a Università degli studi di Messina |b Istituto di scienze giuridiche, economiche, politiche e sociali |t Pubblicazioni degli Istituti di Scienze Giuridiche, Economiche, Politiche e Sociali della Facoltà di Giurisprudenza della Università di Messina |v 131 |9 131 |w (DE-627)13007456X |w (DE-576)007232675 |w (DE-600)444393-7 |7 am | |
| 951 | |a BO | ||
| ELC | |b 1 | ||
| LOK | |0 000 xxxxxcx a22 zn 4500 | ||
| LOK | |0 001 214717369X | ||
| LOK | |0 003 DE-627 | ||
| LOK | |0 004 1090920725 | ||
| LOK | |0 005 19900706000000 | ||
| LOK | |0 008 900706||||||||||||||||ger||||||| | ||
| LOK | |0 040 |a DE-21 |c DE-627 |d DE-21 | ||
| LOK | |0 852 |a DE-21 | ||
| LOK | |0 852 1 |c KB 18 A 291 |9 00 | ||
| LOK | |0 935 |a krim | ||
| LOK | |0 936ln |a k1 | ||
| LOK | |0 939 |a 06-07-90 |b l01 | ||
| ORI | |a SA-MARC-krimdoka001.raw | ||
| SIG | |a UB: KB 18 A 291 | ||
